THE TALENT MANAGEMENT HAND BOOK (Record no. 19047)

MARC details
000 -LEADER
fixed length control field 00269nam a22001217a 4500
003 - CONTROL NUMBER IDENTIFIER
control field SGT
082 ## - DEWEY DECIMAL CLASSIFICATION NUMBER
Classification number 658
Item number BER
100 ## - MAIN ENTRY--PERSONAL NAME
Personal name BERGER,LANCE A.
245 ## - TITLE STATEMENT
Title THE TALENT MANAGEMENT HAND BOOK
260 ## - PUBLICATION, DISTRIBUTION, ETC. (IMPRINT)
Place of publication, distribution, etc DELHI
Name of publisher, distributor, etc MC GRAW HILL
Year of Publication 2018
300 ## - PAGE DESCRIPTION
No. of Pages 684
942 ## - ADDED ENTRY ELEMENTS (KOHA)
Source of classification or shelving scheme Dewey Decimal Classification
Koha item type Books
942 ## - ADDED ENTRY ELEMENTS (KOHA)
-- 11
Holdings
Withdrawn status Lost status Source of classification or shelving scheme Damaged status Not for loan Home library Current library Shelving location Date acquired Vendor Name Cost, normal purchase price SGTU Bill Number Total Checkouts Full call number Accession No. (Barcode) Date last seen Date last borrowed Bill Date Koha item type
    Dewey Decimal Classification     SGT Science & Social Sciences Library SGT Science & Social Sciences Library Text Book 11/09/2019 KIRTI PARKASHAN 1095.00 SGTU CM5771 2 658 BER CM5771 06/02/2025 20/01/2025 22/08/2019 Books
    Dewey Decimal Classification     SGT Science & Social Sciences Library SGT Science & Social Sciences Library Text Book 11/09/2019 KIRTI PARKASHAN 1095.00 SGTU CM5771 2 658 BER CM5772 23/03/2022 09/03/2022 22/08/2019 Books
    Dewey Decimal Classification     SGT Science & Social Sciences Library SGT Science & Social Sciences Library Text Book 11/09/2019 KIRTI PARKASHAN 1095.00 SGTU CM5771 3 658 BER CM5773 11/05/2024 15/02/2024 22/08/2019 Books
    Dewey Decimal Classification     SGT Science & Social Sciences Library SGT Science & Social Sciences Library Text Book 11/09/2019 KIRTI PARKASHAN 1095.00 SGTU CM5771 3 658 BER CM5774 08/06/2024 08/06/2024 22/08/2019 Books
    Dewey Decimal Classification     SGT Science & Social Sciences Library SGT Science & Social Sciences Library Text Book 11/09/2019 KIRTI PARKASHAN 1095.00 SGTU CM5771 2 658 BER CM5775 23/03/2026 06/03/2026 22/08/2019 Books